The age of revolution : (Record no. 221)
[ view plain ]
| 000 -LEADER | |
|---|---|
| fixed length control field | 00917pam a22002775x 4500 |
| 001 - CONTROL NUMBER | |
| control field | 937991 |
| 008 - FIXED-LENGTH DATA ELEMENTS--GENERAL INFORMATION | |
| fixed length control field | 990119r19971962enk 00000 eng b |
| 015 ## - NATIONAL BIBLIOGRAPHY NUMBER | |
| National bibliography number | b9837567 |
| 020 ## - INTERNATIONAL STANDARD BOOK NUMBER | |
| International Standard Book Number | 0349104840 |
| 020 10 - INTERNATIONAL STANDARD BOOK NUMBER | |
| International Standard Book Number | 0349104840 |
| Terms of availability | m |
| 040 00 - CATALOGING SOURCE | |
| Original cataloging agency | CA/U-1 |
| 091 00 - MICROFILM SHELF LOCATION (AM) [OBSOLETE] | |
| Microfilm shelf location | c899652452 |
| 100 10 - MAIN ENTRY--PERSONAL NAME | |
| Personal name | Hobsbawm, E. J. |
| Fuller form of name | (Eric J.), |
| Dates associated with a name | 1917- |
| 245 14 - TITLE STATEMENT | |
| Title | The age of revolution : |
| Remainder of title | Europe, 1789-1848 / |
| Statement of responsibility, etc. | Eric Hobsbawm. |
| 260 ## - PUBLICATION, DISTRIBUTION, ETC. | |
| Place of publication, distribution, etc. | London : |
| Name of publisher, distributor, etc. | Abacus, |
| Date of publication, distribution, etc. | 1997, c1962. |
| 300 ## - PHYSICAL DESCRIPTION | |
| Extent | 413p,[16]p of plates |
| Dimensions | 20cm |
| Accompanying material | pbk |
| 500 ## - GENERAL NOTE | |
| General note | Originally published: London : Weidenfeld & Nicolson, 1962. |
| 500 ## - GENERAL NOTE | |
| General note | Cover title: The age of revolution, 1789-1848. |
| 651 #0 - SUBJECT ADDED ENTRY--GEOGRAPHIC NAME | |
| Geographic name | Europe |
| General subdivision | History |
| Chronological subdivision | 1789-1900. |
| 9 (RLIN) | 1016 |
| 740 41 - ADDED ENTRY--UNCONTROLLED RELATED/ANALYTICAL TITLE | |
| Uncontrolled related/analytical title | The age of revolution, 1789-1848. |
| 900 10 - EQUIVALENCE OR CROSS-REFERENCE-PERSONAL NAME [LOCAL, CANADA] | |
| Titles and other words associated with a name | 1917- |
| 942 ## - ADDED ENTRY ELEMENTS (KOHA) | |
| Source of classification or shelving scheme | Dewey Decimal Classification |
| Koha item type | Books |
| 956 ## - LOCAL ELECTRONIC LOCATION AND ACCESS (OCLC) | |
| Host name | NLS |
| Withdrawn status | Lost status | Damaged status | Not for loan | Collection | Home library | Current library | Shelving location | Date acquired | Barcode | Date last seen | Price effective from | Koha item type |
|---|---|---|---|---|---|---|---|---|---|---|---|---|
| Reference | Centerville | Centerville | General stacks | 09/04/2014 | 39999000009477 | 09/04/2014 | 09/04/2014 | Books |